000 00897nas a2200313 4500
001 BR2013009636
003 BR-BrBNA
005 20231205123306.0
007 ta
008 230509b bl.|||p| |||| 00| 00por d
040 _aBR-BrBNA
_bpor
_cBiblioteca Nacional de Agricultura
041 _a(En)
072 _aF03
100 1 _aTorres, S.B.
100 1 _aGomes, M.D.A.
100 1 _aSilva, F.G. da
100 1 _aBenedito, C.P.
100 1 _aPereira, F.E.C.B.
245 1 _aControlled deterioration to evaluate okra seed vigor
650 _aQUIABO
650 _aABELMOSCHUS ESCULENTUS
650 _aSEMENTE
650 _aGERMINAÇÃO
650 _aTESTE DE VIGOR
650 _aDETERIORAÇÃO
773 0 _tHorticultura Brasileira (Brazil)
_xISSN 0102-0536
_g(Apr-Jun 2013), v. 31(2) p. 317-321
_wBR2013009636
909 _a202311
_bLúcia
_c55
_dLúcia Elande
942 _2AGRIS
_n0
_cANA
999 _c233152
_d233152